000 01971cam a2200361 i 4500
001 ocn839300136
003 OCoLC
005 20200921150511.0
008 160401s2009 ck ad gr 00 0 eng d
020 _a9789589307946
040 0 _aFRCEM
_cCO-JMCR
041 0 _aeng
082 0 4 _a303.62 /
_bJ617i
_223
100 1 _aJiménez Ocampo, Sandro,
_eautor
_ecoordinador
_910595
245 1 0 _aInternally displaced people in Colombia, victims in permanent transition
_bethical and political dilemas of reparative justice in the midst of internal armed conflict
_cSandro Jiménez Ocampo [y otros cuatro]
246 3 0 _aEthical and political dilemas of reparative justice in the midst of internal armed conflict
246 3 8 _aReparative justice and forced displacement
250 _aFirst edition.
264 1 _aCartagena :
_bGrupo de Investigación del Desarrollo Social (GIDES), Universidad de San Buenaventura,
_c2009.
300 _a326 páginas :
_bilustraciones, gráficas ;
_c21 cm.
504 _aIncluye referencias bibliográficas: páginas 305-324.
505 0 _aArmed conflict and forced displacement in Colombia. -- Transition discourses an victim attention systems as armed conflict management devices in Colombia. -- Reparation discourses: the political restitution of victims. -- Damage, loss and expectations of reparation: the victims´voices. -- Challenges for the reparation of victims of forced displacement. -- The collective actions of the displaced population
546 _aTexto en inglés.
650 1 4 _aConflicto armado
_xInvestigaciones
_zColombia
_910596
650 2 4 _aRefugiados
_zColombia
_910597
650 2 4 _aDesplazamiento forzado
_zColombia
_98042
650 2 4 _aMigración interna
_zColombia
_910598
650 2 4 _aParamilitares
_zColombia
_910599
650 2 4 _aVíctimas de guerra
_zColombia
_98863
650 2 4 _aReparaciones (Derecho internacional)
_910600
651 4 _aColombia
_xCondiciones sociales
_99846
942 _2ddc
_cBK
999 _c6871
_d6871